Szczegóły MARC21

Multivariate statistical analysis : methods and applications /

005 -DATA I CZAS OSTATNIEJ MODYFIKACJI [,]
    • @
    • pole kontrolne
    • 20100209103247.0
040 -Instytucja sporządzająca opis [ , ]
    • a
    • Instytucja, która sporządziła opis (NP)
    • SZCZ U/DL
    • c
    • Instytucja, która sporządziła rekord (NP)
    • SZCZ U/DL
    • d
    • Instytucja, która zmodyfikowała rekord (P)
    • SZCZ U/OG
041 -Język dokumentu [0, ]
    • a
    • Język tekstu (P)
    • angielski
    • b
    • Język streszczeń lub abstraktu (P)
    • polski
044 -Kraj miejsca wydania [ , ]
    • a
    • Kraj miejsca wydania
    • Polska
942 -Rodzaj dokumentu [ , ]
    • c
    • Rodzaj dokumentu
    • Książka
111 -Hasło główne - nazwa imprezy [2, ]
    • a
    • Nazwa imprezy (NP)
    • Conference on Multivariate Statistical Analysis Find
    • c
    • Miejsce imprezy (NP)
    • Łódź).
    • d
    • Data imprezy (NP)
    • 2003 ;
    • n
    • Numer imprezy (P)
    • (22 ;
    • 9
    • KHW
    • 10099
245 -Strefa tytułu i oznaczenia odpowiedzialności [0,0]
    • a
    • Tytuł
    • Multivariate statistical analysis : Find
    • b
    • Ciąg dalszy tytułu (NP)
    • methods and applications / Find
    • c
    • Pozostałe elementy strefy tytułu i oznaczenia odpowiedzialności (NP)
    • ed. by Czesław Domański and Małgorzata Misztal.
260 -Strefa adresu wydawniczego [ , ]
    • a
    • Miejsce wydania (P)
    • Łódź :
    • b
    • Nazwa wydawcy (P)
    • Wydawnictwo Uniwersytetu Łódzkiego,
    • c
    • Data wydania (P)
    • 2006.
300 -Strefa opisu fizycznego [ , ]
    • a
    • Określenie formy książki i/lub objętość (NP)
    • 328 s. :
    • b
    • Oznaczenie ilustracji (NP)
    • il. ;
    • c
    • Format (NP)
    • 24 cm.
830 -Hasło dodatkowe serii i opisu książki wielotomowej - tytuł ujednolicony/tytuł [ , ]
    • 9
    • KHW
    • 152
    • a
    • Tytuł ujednolicony/tytuł (NP)
    • Acta Universitatis Lodziensis.
    • p
    • Nazwa części/podserii/sekcji (P)
    • Folia Oeconomica
    • x
    • ISSN
    • 0208-6018
    • v
    • Oznaczenie tomu (NP)
    • 196
504 -Uwaga dot. bibliogr. załącznikowej [ , ]
    • a
    • Uwaga dot. bibliografii załącznikowej
    • Bibliogr.
546 -Uwaga dot. języka [ , ]
    • a
    • Uwaga dot. języka
    • Tekst w jęz. ang.
546 -Uwaga dot. języka [ , ]
    • a
    • Uwaga dot. języka
    • Streszcz.
080 -Uniwersalna Klasyfikacja Dziesiętna [ , ]
    • 2
    • Identyfikator wydania tablic
    • UDC-P058
    • 9
    • UKD
    • 4064
    • a
    • Symbol klasyfikacji
    • 519.2
    • b
    • Dopowiedzenie
    • Rachunek prawdopodobieństwa. Statystyka matematyczna. Analiza statystyczna. Teoria estymacji. Rachunek wyrównawczy. Teoria błędów.
    • 4
    • UKD2
    • 7641
    • x
    • Poddział wspólny
    • (061)
    • c
    • Dopowiedzenie poddz. wspólnego
    • (Wydawnictwa odnoszące się do konferencji, zjazdów itd. Sprawozdania z konferencji).
    • 4
    • UKD2
    • 7644
    • x
    • Poddział wspólny
    • =111
    • c
    • Dopowiedzenie poddz. wspólnego
    • =Język angielski.
980 -Symbol UKD [ , ]
    • a
    • UKD
    • 519.2(061)=111
700 -Hasło dodatkowe - nazwa osobowa [1, ]
    • a
    • Nazwa osobowa (NP)
    • Domański, Czesław Find
    • d
    • Daty biograficzne (NP)
    • (1943- ).
    • 9
    • KHW
    • 46052
700 -Hasło dodatkowe - nazwa osobowa [1, ]
    • a
    • Nazwa osobowa (NP)
    • Misztal, Małgorzata. Find
    • e
    • Określenie rodzaju współpracy
    • Red.
    • 9
    • KHW
    • 10094
710 -Hasło dodatkowe - nazwa ciała zbiorowego [2, ]
    • 9
    • KHW
    • 52
    • a
    • Nazwa ciała zbiorowego lub nazwa geograficzna jako pierwszy element (NP)
    • Uniwersytet Łódzki.
931 -Powiązanie tyt. z wydaw. ciągłym [ , ]
    • a
    • Powiązanie tytułówki z wydaw. ciągłym
    • PATRZ WYDAWNICTWO CIĄGŁE
    • z
    • Numer rek. powiązanego
    • 119356
Sygnatura Lokalizacja Data inwentaryzacji Status udost. Numer inwentarzowy
Tc.346TC2008-09-05-11Tc.2442